01290pab a2200169 454500008003600000100001800036245005800054362002800112520072200140650003000862650003800892650004400930773004300974909001001017999001701027952007601044180718b xxu||||| |||| 00| 0 eng d aLandry Rejean aAdministrative reform and political control in Canada a14(1), Oct 93, p.335-49 aThe federal and provincial governments elected in Canada over the last ten years have defeated their opponents in promising to manage government in a more productive manner, especially through the introduction of businesslike managerial practices. After a first series of across the board cuts in the operational expenditures of the governmental departments ana agencies, they have undertaken very significant managerial reforms, especially at the federal level. These initiatives have generated important savings in the operational budgets of the government departments and agencies. However, any significant additional productivity improvement is likely to require substantive information on programs that central d a Public Service -- Canada a Administrative Reforms -- Canada aAdministrative Reorganisation -- Canada aInternational Political Science Review a25601 c25601d25601 00104070aIIPAbIIPAd2018-07-19pAR25673r2018-07-19w2018-07-19yAR